不需公式!一看就懂的資料分析思維 / (Record no. 7681)

MARC details
000 -LEADER
fixed length control field 00882cam a2200313 i 4500
001 - CONTROL NUMBER
control field 1231807
003 - CONTROL NUMBER IDENTIFIER
control field YEEZEN
005 - DATE AND TIME OF LATEST TRANSACTION
control field 20260107151348.0
008 - FIXED-LENGTH DATA ELEMENTS--GENERAL INFORMATION
fixed length control field 251110s2025 ch a g 6 000 c chi d
020 ## - INTERNATIONAL STANDARD BOOK NUMBER
International Standard Book Number 9786267446744
Qualifying information (平裝) :
Terms of availability NT$340
040 ## - CATALOGING SOURCE
Original cataloging agency TWTNM
Language of cataloging chi
Transcribing agency TWTNM
041 1# - LANGUAGE CODE
Language code of text/sound track or separate title chi
Language code of original jpn
042 ## - AUTHENTICATION CODE
Authentication code nbic
084 ## - OTHER CLASSIFICATION NUMBER
Classification number 511.7
Number source ncsclt
090 ## - LOCALLY ASSIGNED LC-TYPE CALL NUMBER (OCLC); LOCAL CALL NUMBER (RLIN)
Classification number (OCLC) (R) ; Classification number, CALL (RLIN) (NR) 511.7
100 1# - MAIN ENTRY--PERSONAL NAME
Personal name 松本健太郎
245 10 - TITLE STATEMENT
Title 不需公式!一看就懂的資料分析思維 /
Statement of responsibility, etc. 松本健太郎著 ; Morio作畫 ; 許郁文譯
250 ## - EDITION STATEMENT
Edition statement 初版
260 ## - PUBLICATION, DISTRIBUTION, ETC.
Place of publication, distribution, etc. 新北市 :
Name of publisher, distributor, etc. 世茂,
Date of publication, distribution, etc. 2025.06
300 ## - PHYSICAL DESCRIPTION
Extent 6, 200面 :
Other physical details 圖 ;
Dimensions 21公分
490 1# - SERIES STATEMENT
Series statement 銷售顧問金典 ;
Volume/sequential designation 116.
650 #7 - SUBJECT ADDED ENTRY--TOPICAL TERM
Topical term or geographic name entry element 統計分析
Source of heading or term lcstt.
650 #7 - SUBJECT ADDED ENTRY--TOPICAL TERM
Topical term or geographic name entry element 相關分析
Source of heading or term lcstt.
650 #7 - SUBJECT ADDED ENTRY--TOPICAL TERM
Topical term or geographic name entry element 漫畫
Source of heading or term lcstt.
700 0# - ADDED ENTRY--PERSONAL NAME
Personal name Morio.
700 1# - ADDED ENTRY--PERSONAL NAME
Personal name 許郁文
830 #0 - SERIES ADDED ENTRY--UNIFORM TITLE
Uniform title 銷售顧問金典 ;
Volume/sequential designation 116.
942 ## - ADDED ENTRY ELEMENTS (KOHA)
Source of classification or shelving scheme 中文圖書分類法
Koha item type 一般圖書
Holdings
撤銷狀態 遺失狀態 分類號來源 損壞狀態 不外借 永久館藏地 現在館藏地 書架位置 採購日期 全部借出 全部續借 完整索書號 條碼號 還書日 最後一次日期記錄 Date last checked out 一般價格有效日期 Koha館藏類型 公開資訊
未註銷館藏 未遺失 中文圖書分類法 未損毀 可外借 怡仁綜合醫院圖書館 怡仁綜合醫院圖書館   2026-01-07 4 2 511.7 C03267 2026-04-23 2026-04-09 2026-04-09 2026-01-07 一般圖書 「資料分析好難?看到公式就頭痛?」 別擔心!不會數學也沒關係!懂得思考,才能真正活用數據! 資料分析 ≠ 公式與數學! 掌握 「正確提問、建立假設、驗證推理」 的思維, 讓你不靠複雜公式,也能看懂數據、做出精準決策!
怡仁醫院| 地址:32643桃園市楊梅區楊新北路321巷30號 | 服務專線:03-4855566 | 電子郵件信箱:
Copyright © 1996 CHC Hospital